Statistiques concernant Les plus grandes îles de la Méditerranée

Cliquez ici pour prendre le quiz!

Statistiques générales

  • Ce quiz a été pris 388 fois
  • Le résultat moyen est 8 sur 15

Statistiques - réponses

Superficieîle% Correct
8,681 km²Corse
98%
23,813 km²Sardaigne
96%
25,460 km²Sicile
93%
9,251 km²Chypre
92%
8,261 km²Crète
83%
3,640 km²Majorque
66%
577 km²Ibiza
62%
692 km²Minorque
57%
1,410 km²Rhodes
48%
1,641 km²Lesbos
38%
592 km²Corfou
34%
3,655 km²Eubée
25%
523 km²Djerba
15%
822 km²Chios
12%
775 km²Céphalonie
7%

Distribution des résultats

Percentile par nombre de réponses

% des personnes avec chaque résultat

Votre développement - résultats

Vous n’avez pas pris ce quiz